000 00366pab a2200145 454500
008 180718b1998 xxu||||| |||| 00| 0 eng d
100 _aSharma, Sunil
245 _aCorporate success through total quality innovation
260 _c1998
300 _ap.226-31
362 _aJul-Sep
650 _aTotal quality management
773 _aProductivity
909 _a39001
999 _c39001
_d39001